Conservació-restauració en els Museus de Catalunya / pel Grup Tècnic de Conservació-restauració de l'Associació de Treballadors dels Museus de Catalunya

ISBN: 84-500-7846-6
Descripción Física: 76 p. ; 24 cm

MARC

LEADER 00000nam a2200000Ia 4500
001 1430
003 BGR
005 20260324175632.0
008 160829s1982 xx 000 0 cat d
020 |a 84-500-7846-6 
080 |a B-1-332 
110 2 |a Associació de Treballadors de Museus de Catalunya. Grup Tècnic de Conservació-Restauració  |9 70474 
245 |a Conservació-restauració en els Museus de Catalunya / pel Grup Tècnic de Conservació-restauració de l'Associació de Treballadors dels Museus de Catalunya 
260 |a Barcelona :  |b Departament de Cultura i Mitjans de Comunicació, Generalitat de Catalunya,  |c 1982 
300 |a 76 p. ;  |c 24 cm 
590 |a A la part superior de la portada: Direcció General del Patrimoni Cultural, Servei de Museus 
650 |a Museus  |x Catalunya  |x Conservació i restauració   |9 36030 
650 |a Objectes d'art  |x Conservació i restauració  |9 42310 
710 1 |a Catalunya.  |b Departament de Cultura i Mitjans de Comunicació  |9 55890 
710 |a Catalunya  |b Servei de Museus  |9 66086 
901 |a Arxiu 
942 |n 1  |2 udc  |c MON 
952 |0 0  |1 0  |4 0  |6 B1332  |7 1  |9 47156  |a Arxiu  |b Arxiu  |d 2016-12-01  |l 0  |o B-1-332  |p 1430  |r 2016-12-01 00:00:00  |w 2016-12-01  |y ARXIU 
999 |c 50953  |d 50953